[Event "DEM U12w 2019"]
[Site "Willingen GER"]
[Date "2019.06.09"]
[Round "2"]
[White "Sereda, Yaroslava"]
[Black "Hubert, Charlotte"]
[Result "1-0"]
[Termination "normal"]
[Board "3"]
[WhiteElo "1626"]
[BlackElo "1311"]
[WhiteClock "00:35:15"]
[BlackClock "00:02:35"]
[PlyCount "77"]
[WhiteFideId "14178940"]
[BlackFideId "16265920"]
[EventCountry "GER"]
[EventRounds "9"]
[EventType "swiss"]
[EventDate "2019.06.08"]

1. e4 {[%clk 1:30:55]} 1... e5 {[%clk 1:30:56]} 2. Nf3 {[%clk 1:31:17]} 2...
Nf6 {[%clk 1:31:18]} 3. Nxe5 {[%clk 1:31:32]} 3... d6 {[%clk 1:31:35]} 4. Nf3 {
[%clk 1:31:57]} 4... Nxe4 {[%clk 1:31:58]} 5. d4 {[%clk 1:32:08]} 5... d5 {
[%clk 1:32:08]} 6. Bd3 {[%clk 1:31:58]} 6... Be7 {[%clk 1:31:36]} 7. O-O {
[%clk 1:32:00]} 7... Nc6 {[%clk 1:31:31]} 8. c4 {[%clk 1:31:56]} 8... Bf5 {
[%clk 1:22:33]} 9. Re1 {[%clk 1:27:21]} 9... Nb4 {[%clk 1:20:36]} 10. Bf1 {
[%clk 1:21:34]} 10... O-O {[%clk 1:15:10]} 11. a3 {[%clk 1:18:42]} 11... Nc6 {
[%clk 1:15:08]} 12. Bd3 {[%clk 1:18:23]} 12... Bf6 {[%clk 1:09:31]} 13. cxd5 {
[%clk 1:17:42]} 13... Qxd5 {[%clk 1:09:25]} 14. Bxe4 {[%clk 1:16:44]} 14...
Bxe4 {[%clk 1:09:19]} 15. Nc3 {[%clk 1:16:31]} 15... Bxf3 {[%clk 1:07:30]} 16.
Nxd5 {[%clk 1:16:31]} 16... Bxd1 {[%clk 1:07:46]} 17. Nxf6+ {[%clk 1:16:56]}
17... gxf6 {[%clk 1:07:55]} 18. Rxd1 {[%clk 1:17:18]} 18... Rfe8 { [%clk
1:06:43]} 19. Be3 {[%clk 1:16:43]} 19... Rad8 {[%clk 1:05:01]} 20. Rac1 { [%clk
1:14:50]} 20... Rd7 {[%clk 1:01:23]} 21. g3 {[%clk 0:54:52]} 21... Ne7 { [%clk
0:47:20]} 22. Kg2 {[%clk 0:47:04]} 22... Nd5 {[%clk 0:38:09]} 23. Re1 { [%clk
0:46:25]} 23... Nxe3+ {[%clk 0:32:45]} 24. fxe3 {[%clk 0:45:17]} 24... Rde7
{[%clk 0:30:09]} 25. Kf3 {[%clk 0:45:25]} 25... c6 {[%clk 0:27:39]} 26. b4
{[%clk 0:45:14]} 26... Rd8 {[%clk 0:18:18]} 27. Re2 {[%clk 0:43:26]} 27... Rd5
{[%clk 0:15:47]} 28. Rc5 {[%clk 0:42:40]} 28... Red7 {[%clk 0:12:30]} 29. Rec2
{[%clk 0:42:25]} 29... Kf8 {[%clk 0:08:29]} 30. a4 {[%clk 0:40:15]} 30... Rxc5
{[%clk 0:06:12]} 31. Rxc5 {[%clk 0:40:26]} 31... Rd5 {[%clk 0:06:02]} 32. a5 {
[%clk 0:40:15]} 32... a6 {[%clk 0:05:02]} 33. Ke4 {[%clk 0:39:02]} 33... Rd6 {
[%clk 0:03:30]} 34. Kd3 {[%clk 0:35:26]} 34... Ke7 {[%clk 0:03:05]} 35. e4 {
[%clk 0:35:15]} 35... Kd7 {[%clk 0:02:35]} 36. Rh5 Ke6 37. Rxh7 Rd7 38. Rh8 Ke7
39. g4 1-0

[Event "DEM U12w 2019"]
[Site "Willingen GER"]
[Date "2019.06.09"]
[Round "2"]
[White "Eichhorn, Mathilda Sophie"]
[Black "Bräutigam, Katerina"]
[Result "0-1"]
[Termination "normal"]
[Board "4"]
[WhiteElo "1452"]
[BlackElo "1697"]
[WhiteClock "00:51:55"]
[BlackClock "00:38:08"]
[PlyCount "44"]
[WhiteFideId "16242289"]
[BlackFideId "16242980"]
[EventCountry "GER"]
[EventRounds "9"]
[EventType "swiss"]
[EventDate "2019.06.08"]

1. e4 c6 2. Nf3 {[%clk 1:31:13]} 2... d5 {[%clk 1:31:28]} 3. exd5 { [%clk
1:31:20]} 3... cxd5 {[%clk 1:31:47]} 4. d4 {[%clk 1:31:28]} 4... Nc6 { [%clk
1:31:59]} 5. Be2 {[%clk 1:31:04]} 5... Qc7 {[%clk 1:31:49]} 6. Nc3 { [%clk
1:31:11]} 6... Nf6 {[%clk 1:31:36]} 7. Be3 {[%clk 1:25:00]} 7... Bf5 { [%clk
1:31:13]} 8. O-O {[%clk 1:20:33]} 8... a6 {[%clk 1:30:12]} 9. a3 { [%clk
1:20:07]} 9... e6 {[%clk 1:30:21]} 10. Nd2 {[%clk 1:18:56]} 10... Bd6 { [%clk
1:30:10]} 11. f4 {[%clk 1:17:49]} 11... g5 {[%clk 1:18:32]} 12. g3 gxf4 13.
Bxf4 Nxd4 14. Bxd6 Qxd6 15. Rc1 {[%clk 1:13:07]} 15... Rg8 16. Kg2 16... Qc6
{[%clk 1:10:43]} 17. Kg1 {[%clk 1:10:03]} 17... Ke7 {[%clk 1:07:09]} 18. Nf3
{[%clk 1:00:56]} 18... Nxe2+ {[%clk 1:04:23]} 19. Qxe2 {[%clk 0:59:42]} 19...
Bh3 {[%clk 1:04:03]} 20. Rf2 {[%clk 0:58:54]} 20... Rad8 {[%clk 0:42:08]} 21.
Nd4 {[%clk 0:56:22]} 21... Qc5 {[%clk 0:38:08]} 22. Rf4 {[%clk 0:51:55]} 22...
Ne4 0-1

[Event "DEM U12w 2019"]
[Site "Willingen GER"]
[Date "2019.06.09"]
[Round "2"]
[White "Ulrich, Helena Irene"]
[Black "Roncea, Andreea-Alexandra"]
[Result "0-1"]
[Termination "normal"]
[Board "5"]
[WhiteElo "1514"]
[BlackElo "1558"]
[WhiteClock "00:41:46"]
[BlackClock "00:25:30"]
[PlyCount "60"]
[WhiteFideId "16256000"]
[BlackFideId "16233115"]
[EventCountry "GER"]
[EventRounds "9"]
[EventType "swiss"]
[EventDate "2019.06.08"]

1. e4 {[%clk 1:30:58]} 1... e5 {[%clk 1:30:59]} 2. Nf3 {[%clk 1:31:26]} 2...
Nc6 {[%clk 1:31:27]} 3. Bb5 {[%clk 1:31:55]} 3... a6 {[%clk 1:31:56]} 4. Ba4 {
[%clk 1:32:24]} 4... b5 {[%clk 1:32:25]} 5. Bb3 {[%clk 1:32:52]} 5... Bb7 {
[%clk 1:32:36]} 6. O-O {[%clk 1:30:10]} 6... Be7 {[%clk 1:32:42]} 7. c3 { [%clk
1:27:44]} 7... Nf6 {[%clk 1:32:36]} 8. d3 {[%clk 1:25:31]} 8... O-O { [%clk
1:32:10]} 9. Nbd2 {[%clk 1:24:52]} 9... h6 {[%clk 1:29:51]} 10. Re1 { [%clk
1:23:40]} 10... Re8 {[%clk 1:29:23]} 11. Nf1 {[%clk 1:22:01]} 11... Bf8 { [%clk
1:29:15]} 12. Ng3 {[%clk 1:20:37]} 12... Na5 {[%clk 1:27:45]} 13. Bc2 { [%clk
1:20:04]} 13... c5 {[%clk 1:26:26]} 14. a4 {[%clk 1:15:48]} 14... Qc7 { [%clk
1:20:45]} 15. Nf5 {[%clk 1:10:31]} 15... d5 {[%clk 1:15:09]} 16. exd5 { [%clk
1:06:03]} 16... Bxd5 {[%clk 1:11:56]} 17. Be3 {[%clk 1:01:16]} 17... Be6 {[%clk
1:06:52]} 18. Ng3 {[%clk 1:00:10]} 18... Nc6 {[%clk 1:05:28]} 19. Qe2 { [%clk
0:55:53]} 19... Rad8 {[%clk 1:00:51]} 20. Rad1 {[%clk 0:53:56]} 20... g6 {[%clk
0:53:27]} 21. d4 {[%clk 0:51:29]} 21... cxd4 {[%clk 0:49:12]} 22. cxd4 { [%clk
0:50:25]} 22... exd4 {[%clk 0:48:15]} 23. Nxd4 {[%clk 0:48:49]} 23... Nxd4
{[%clk 0:47:06]} 24. Rxd4 {[%clk 0:46:58]} 24... Rxd4 {[%clk 0:33:07]} 25. Bxd4
{[%clk 0:47:20]} 25... Bf5 {[%clk 0:29:06]} 26. Be5 {[%clk 0:42:03]} 26... Qxc2
{[%clk 0:28:12]} 27. Qxc2 {[%clk 0:42:10]} 27... Bxc2 {[%clk 0:28:36]} 28. Re2
{[%clk 0:42:29]} 28... Ng4 {[%clk 0:27:38]} 29. h3 {[%clk 0:41:38]} 29... Nxe5
{[%clk 0:26:04]} 30. f4 {[%clk 0:41:46]} 30... Bc5+ {[%clk 0:25:30]} 0-1

[Event "DEM U12w 2019"]
[Site "Willingen GER"]
[Date "2019.06.09"]
[Round "2"]
[White "Wilmink, Anna"]
[Black "Hoffmann, Sophia"]
[Result "1-0"]
[Termination "normal"]
[Board "7"]
[WhiteElo "1466"]
[BlackElo "1347"]
[WhiteClock "00:45:25"]
[BlackClock "01:15:49"]
[PlyCount "125"]
[WhiteFideId "16273680"]
[BlackFideId "16259130"]
[EventCountry "GER"]
[EventRounds "9"]
[EventType "swiss"]
[EventDate "2019.06.08"]

1. e4 {[%clk 1:30:30]} 1... e5 {[%clk 1:30:30]} 2. Nf3 {[%clk 1:30:30]} 2...
Nc6 {[%clk 1:30:30]} 3. d4 {[%clk 1:30:45]} 3... exd4 {[%clk 1:30:55]} 4. Nxd4
{[%clk 1:31:10]} 4... Bc5 {[%clk 1:31:19]} 5. Be3 {[%clk 1:31:09]} 5... Qf6 {
[%clk 1:31:36]} 6. c3 {[%clk 1:31:18]} 6... Nge7 {[%clk 1:31:53]} 7. Bc4 {
[%clk 1:31:28]} 7... b6 {[%clk 1:31:57]} 8. b4 {[%clk 1:30:52]} 8... Bd6 {
[%clk 1:31:33]} 9. Nd2 {[%clk 1:28:07]} 9... Bb7 {[%clk 1:31:17]} 10. N2f3 {
[%clk 1:19:53]} 10... Nxd4 {[%clk 1:30:17]} 11. Bxd4 {[%clk 1:19:47]} 11... Qg6
{[%clk 1:30:09]} 12. e5 {[%clk 1:17:21]} 12... Qxg2 {[%clk 1:29:37]} 13. Rg1 {
[%clk 1:16:59]} 13... Qxf3 {[%clk 1:29:48]} 14. Qxf3 {[%clk 1:16:39]} 14...
Bxf3 {[%clk 1:30:06]} 15. exd6 {[%clk 1:16:37]} 15... cxd6 {[%clk 1:30:18]} 16.
Rxg7 {[%clk 1:16:12]} 16... Bh5 {[%clk 1:29:28]} 17. Rg5 {[%clk 1:15:47]} 17...
Bg6 {[%clk 1:28:52]} 18. Bxh8 {[%clk 1:15:57]} 18... Nf5 {[%clk 1:27:42]} 19.
Kf1 {[%clk 1:13:38]} 19... Nh4 {[%clk 1:26:30]} 20. Bd5 {[%clk 1:10:08]} 20...
O-O-O {[%clk 1:26:06]} 21. Bf6 {[%clk 1:09:28]} 21... Bd3+ {[%clk 1:25:29]} 22.
Kg1 {[%clk 1:07:53]} 22... Re8 {[%clk 1:25:08]} 23. Rg3 {[%clk 1:07:37]} 23...
Be4 {[%clk 1:24:32]} 24. Bxf7 {[%clk 1:06:14]} 24... Rf8 {[%clk 1:24:19]} 25.
Rg8 {[%clk 1:05:58]} 25... Rxg8+ {[%clk 1:23:45]} 26. Bxg8 {[%clk 1:06:06]}
26... Nf3+ {[%clk 1:23:48]} 27. Kf1 {[%clk 1:05:38]} 27... Nxh2+ { [%clk
1:23:50]} 28. Ke2 {[%clk 1:05:35]} 28... h6 {[%clk 1:22:49]} 29. Bh4 { [%clk
1:00:58]} 29... Kc7 {[%clk 1:20:41]} 30. Ke3 {[%clk 0:58:01]} 30... Bc6 { [%clk
1:19:48]} 31. c4 {[%clk 0:49:53]} 31... a5 {[%clk 1:19:06]} 32. b5 { [%clk
0:48:09]} 32... Bb7 {[%clk 1:19:06]} 33. Bd5 {[%clk 0:48:14]} 33... Ng4+ {[%clk
1:18:14]} 34. Kf4 {[%clk 0:46:07]} 34... Ne5 {[%clk 1:17:40]} 35. Bf6 { [%clk
0:44:28]} 35... Nd3+ {[%clk 1:16:58]} 36. Ke3 {[%clk 0:43:42]} 36... Bxd5
{[%clk 1:16:21]} 37. cxd5 {[%clk 0:42:57]} 37... Nb4 {[%clk 1:13:25]} 38. Ke4 {
[%clk 0:41:31]} 38... a4 {[%clk 1:12:49]} 39. Bb2 {[%clk 0:40:40]} 39... Kd8 {
[%clk 1:12:41]} 40. a3 {[%clk 0:40:52]} 40... Nxd5 {[%clk 1:11:25]} 41. Kxd5 {
[%clk 0:41:04]} 41... Ke7 {[%clk 1:11:48]} 42. Bg7 {[%clk 0:41:13]} 42... h5 {
[%clk 1:12:10]} 43. Rh1 {[%clk 0:41:30]} 43... Kf7 {[%clk 1:12:19]} 44. Bh6 {
[%clk 0:41:44]} 44... Kg6 {[%clk 1:12:20]} 45. Be3 {[%clk 0:42:05]} 45... Kf5 {
[%clk 1:12:21]} 46. Rxh5+ {[%clk 0:42:22]} 46... Kg4 {[%clk 1:12:44]} 47. Rh6 {
[%clk 0:42:32]} 47... Kf3 {[%clk 1:12:47]} 48. Kxd6 {[%clk 0:42:55]} 48... Ke4
{[%clk 1:12:56]} 49. Rh4+ {[%clk 0:43:07]} 49... Kd3 {[%clk 1:13:11]} 50. Rxa4
{[%clk 0:43:26]} 50... Kc3 {[%clk 1:13:35]} 51. f4 {[%clk 0:43:36]} 51... Kb3 {
[%clk 1:13:41]} 52. Ra8 {[%clk 0:43:56]} 52... Kc4 {[%clk 1:14:00]} 53. Bxb6 {
[%clk 0:44:06]} 53... Kxb5 {[%clk 1:14:23]} 54. Bd8 {[%clk 0:43:58]} 54... Kc4
{[%clk 1:14:38]} 55. f5 {[%clk 0:44:20]} 55... Kd4 {[%clk 1:14:53]} 56. f6 {
[%clk 0:44:39]} 56... Kc4 {[%clk 1:15:12]} 57. f7 {[%clk 0:45:03]} 57... Kd4 {
[%clk 1:15:25]} 58. f8=Q {[%clk 0:45:30]} 58... Ke4 {[%clk 1:15:44]} 59. Ra4+ {
[%clk 0:45:43]} 59... Kd3 60. Qf3+ 60... Kc2 {[%clk 1:15:18]} 61. Rh4 { [%clk
0:45:08]} 61... Kb2 {[%clk 1:15:34]} 62. Rh2+ {[%clk 0:45:25]} 62... Kc1 {[%clk
1:15:49]} 63. Qf1# 1-0

[Event "DEM U12w 2019"]
[Site "Willingen GER"]
[Date "2019.06.09"]
[Round "2"]
[White "Keymer, Cecilia"]
[Black "Vianden, Ella"]
[Result "1-0"]
[Termination "time forfeit"]
[Board "8"]
[WhiteElo "1511"]
[BlackElo "1328"]
[WhiteClock "00:18:58"]
[BlackClock "00:14:45"]
[PlyCount "73"]
[WhiteFideId "16233468"]
[BlackFideId "16235592"]
[EventCountry "GER"]
[EventRounds "9"]
[EventType "swiss"]
[EventDate "2019.06.08"]

1. d4 {[%clk 1:30:58]} 1... d5 {[%clk 1:30:55]} 2. c4 {[%clk 1:31:23]} 2... e6
{[%clk 1:30:59]} 3. Nf3 {[%clk 1:31:08]} 3... a6 {[%clk 1:27:04]} 4. cxd5 {
[%clk 1:26:21]} 4... exd5 {[%clk 1:24:39]} 5. Nc3 {[%clk 1:25:56]} 5... Nf6 {
[%clk 1:23:08]} 6. Bg5 {[%clk 1:25:48]} 6... Be6 {[%clk 1:22:18]} 7. e3 { [%clk
1:24:29]} 7... Nbd7 {[%clk 1:21:56]} 8. Bd3 {[%clk 1:23:59]} 8... Bd6 { [%clk
1:21:39]} 9. Qc2 {[%clk 1:20:10]} 9... c6 {[%clk 1:20:46]} 10. O-O { [%clk
1:19:47]} 10... Qc7 {[%clk 1:20:12]} 11. Bf5 {[%clk 1:15:05]} 11... O-O { [%clk
1:13:34]} 12. Rab1 {[%clk 1:07:40]} 12... h6 {[%clk 1:12:31]} 13. Bh4 { [%clk
1:06:05]} 13... Rab8 {[%clk 1:04:53]} 14. b4 {[%clk 1:02:36]} 14... b5 { [%clk
0:57:54]} 15. Bxe6 {[%clk 0:54:05]} 15... fxe6 {[%clk 0:56:12]} 16. Qg6 { [%clk
0:52:37]} 16... Rb7 {[%clk 0:46:50]} 17. e4 {[%clk 0:45:21]} 17... dxe4 { [%clk
0:44:00]} 18. Nxe4 {[%clk 0:45:17]} 18... Nxe4 {[%clk 0:42:08]} 19. Qxe6+
{[%clk 0:41:07]} 19... Kh8 {[%clk 0:39:52]} 20. Qxe4 {[%clk 0:40:40]} 20... Nf6
{[%clk 0:34:22]} 21. Qd3 {[%clk 0:35:07]} 21... Rbb8 {[%clk 0:29:06]} 22. Bg3 {
[%clk 0:33:48]} 22... Ng4 {[%clk 0:26:44]} 23. Qg6 {[%clk 0:31:15]} 23... Nf6 {
[%clk 0:25:47]} 24. Ne5 {[%clk 0:30:06]} 24... Rbe8 {[%clk 0:22:20]} 25. Rfc1 {
[%clk 0:28:51]} 25... Re6 {[%clk 0:16:57]} 26. Rxc6 {[%clk 0:27:44]} 26... Qb8
{[%clk 0:16:36]} 27. Qc2 {[%clk 0:24:09]} 27... Rfe8 {[%clk 0:14:45]} 28. h3 {
[%clk 0:18:58]} 28... Bxe5 29. Bxe5 Rxc6 30. Qxc6 Qd8 31. Qxa6 Qd5 32. Bxf6
gxf6 33. Qxf6+ Kh7 34. a3 Rg8 35. g3 Qa2 36. Qf5+ Rg6 37. Re1 {
Zeitueberschreitung} 1-0

[Event "DEM U12w 2019"]
[Site "Willingen GER"]
[Date "2019.06.09"]
[Round "2"]
[White "Peglau, Charis"]
[Black "Leongardt, Adel"]
[Result "1-0"]
[Termination "normal"]
[Board "11"]
[WhiteElo "1514"]
[BlackElo "1179"]
[PlyCount "93"]
[WhiteFideId "16219996"]
[BlackFideId "16256549"]
[EventCountry "GER"]
[EventRounds "9"]
[EventType "swiss"]
[EventDate "2019.06.08"]

1. Nf3 g6 2. g3 Bg7 3. Bg2 d5 4. d4 Bg4 5. Bf4 Nc6 6. e3 Nf6 7. O-O O-O 8. c4
dxc4 9. Nc3 Nb4 10. Qa4 a5 11. Ne5 Bd7 12. Nxd7 Nxd7 13. a3 Nb6 14. Qd1 Nd3 15.
Bxb7 Rb8 16. Bg2 Nxf4 17. gxf4 e6 18. Qe2 Qh4 19. Kh1 Nd7 20. Ne4 f5 21. Ng5
Nf6 22. Nf3 Qg4 23. Qxc4 Rxb2 24. Qxe6+ Kh8 25. Ne5 Qh4 26. Nf3 Qg4 27. Rab1
Rc2 28. Qb3 Rc6 29. Ne5 Rb6 30. Nxg4 Rxb3 31. Rxb3 Nxg4 32. Rb7 c5 33. dxc5 Rc8
34. Ra7 Rxc5 35. Ra8+ Bf8 36. Rxf8+ Kg7 37. Ra8 Rb5 38. h3 Nf6 39. Rc1 Kh6 40.
a4 Rd5 41. Bxd5 Nxd5 42. Rxa5 Nb4 43. Ra7 Nd3 44. Rcc7 Nxf2+ 45. Kg2 g5 46.
Rc6+ Kh5 47. Rxh7# 1-0

[Event "DEM U12w 2019"]
[Site "Willingen GER"]
[Date "2019.06.09"]
[Round "2"]
[White "Peglau, Dora"]
[Black "Ding, Tina"]
[Result "1/2-1/2"]
[Termination "normal"]
[Board "12"]
[WhiteElo "1336"]
[BlackElo "1180"]
[PlyCount "78"]
[WhiteFideId "16220005"]
[BlackFideId "16286987"]
[EventCountry "GER"]
[EventRounds "9"]
[EventType "swiss"]
[EventDate "2019.06.08"]

1. d4 d5 2. c4 e6 3. Nc3 Nf6 4. Nf3 Nbd7 5. cxd5 exd5 6. Bg5 g6 7. Nxd5 Bg7 8.
e4 c6 9. Nxf6+ Bxf6 10. Bxf6 Nxf6 11. Qc2 O-O 12. Bc4 Re8 13. Ng5 Qa5+ 14. Qd2
Qxd2+ 15. Kxd2 Nxe4+ 16. Nxe4 Rxe4 17. Kd3 Bf5 18. g4 Rxg4+ 19. Kc3 Rd8 20.
Rad1 Rf4 21. Rd2 a5 22. Re1 b5 23. Bf1 b4+ 24. Kc4 Be6+ 25. Kc5 Bxa2 26. Ra1
Be6 27. Rxa5 Rd5+ 28. Kxb4 Rfxd4+ 29. Rxd4 Rxd4+ 30. Kc3 Rf4 31. Bg2 Rxf2 32.
Bxc6 Rf4 33. Rc5 f5 34. b4 Rf1 35. b5 Rc1+ 36. Kd4 Rb1 37. Ke5 Kf7 38. Bb7 Re1+
39. Kd6 Rd1+ 1/2-1/2

[Event "DEM U12w 2019"]
[Site "Willingen GER"]
[Date "2019.06.09"]
[Round "2"]
[White "Fischer, Darja"]
[Black "Kosak, Karolina"]
[Result "1-0"]
[Termination "normal"]
[Board "13"]
[WhiteElo "1480"]
[BlackElo "1139"]
[PlyCount "101"]
[WhiteFideId "16240898"]
[BlackFideId "14640503"]
[EventCountry "GER"]
[EventRounds "9"]
[EventType "swiss"]
[EventDate "2019.06.08"]

1. e4 e5 2. Nf3 Nc6 3. Nc3 Nf6 4. Bb5 Bb4 5. d3 Bxc3+ 6. bxc3 d6 7. O-O O-O 8.
Bg5 Qe7 9. Re1 Nd8 10. d4 Ne6 11. Bh4 c5 12. Bc4 Nf4 13. dxe5 dxe5 14. h3 Be6
15. Bd5 Rad8 16. c4 h6 17. Nxe5 g5 18. Bg3 N6h5 19. Bh2 f6 20. Ng6 Nxg6 21.
Qxh5 Kg7 22. Rad1 Rd7 23. Bg3 a6 24. Bxe6 Rxd1 25. Qxd1 Qxe6 26. Qd5 Qxd5 27.
cxd5 b5 28. c4 b4 29. a3 a5 30. axb4 axb4 31. Ra1 Ne5 32. Bxe5 fxe5 33. f3 Rb8
34. Kf2 Kf7 35. Ke2 Ke7 36. Kd2 Rb6 37. Kc2 Kd6 38. Ra7 Rb8 39. Kb3 Rh8 40.
Ra6+ Kd7 41. Rc6 Rc8 42. Rxh6 Ra8 43. Rc6 Ra3+ 44. Kb2 Ra5 45. Rg6 Ra8 46. Rxg5
Rf8 47. h4 Rf4 48. Rg4 Rf6 49. h5 Rh6 50. Rg5 Ke7 51. Rxe5+ 1-0

[Event "DEM U12w 2019"]
[Site "Willingen GER"]
[Date "2019.06.09"]
[Round "2"]
[White "Scheiding, Sophia"]
[Black "Voigt, Anastasia"]
[Result "0-1"]
[Termination "normal"]
[Board "14"]
[WhiteElo "1133"]
[BlackElo "1447"]
[PlyCount "98"]
[WhiteFideId "16287010"]
[BlackFideId "16235223"]
[EventCountry "GER"]
[EventRounds "9"]
[EventType "swiss"]
[EventDate "2019.06.08"]

1. e4 e5 2. Nf3 Nc6 3. d4 exd4 4. c3 Nf6 5. e5 Ne4 6. Bd3 Nc5 7. Bg5 Be7 8.
Bxe7 Qxe7 9. O-O Nxd3 10. Qxd3 Nxe5 11. Nxe5 Qxe5 12. cxd4 Qe7 13. Nc3 O-O 14.
Rfe1 Qd8 15. Ne4 d5 16. Ng3 Qf6 17. Nh5 Qg6 18. Nf4 Qxd3 19. Nxd3 Bf5 20. Ne5
f6 21. Nf3 Rfe8 22. Rxe8+ Rxe8 23. Nh4 Bg4 24. h3 Bh5 25. g4 Bf7 26. Rc1 c6 27.
Nf5 Re2 28. Kg2 Rxb2 29. Ne7+ Kf8 30. Nf5 Bg6 31. Nh4 Be4+ 32. Kg3 g5 33. Nf3
Ke7 34. Re1 Kd6 35. Re3 Rxa2 36. Rb3 b6 37. h4 h6 38. hxg5 hxg5 39. Re3 a5 40.
Re1 Ra3 41. Rh1 Rxf3+ 42. Kg2 Rd3+ 43. Kg1 Rd1+ 44. Kh2 Rxh1+ 45. Kg3 Rg1+ 46.
Kh2 Rxg4 47. Kh3 f5 48. Kh2 f4 49. Kh3 Rh4# 0-1

[Event "DEM U12w 2019"]
[Site "Willingen GER"]
[Date "2019.06.09"]
[Round "2"]
[White "Prinzen, Siri Marleen"]
[Black "Wille, Melanie"]
[Result "1-0"]
[Termination "normal"]
[Board "15"]
[WhiteElo "1505"]
[BlackElo "1083"]
[PlyCount "101"]
[WhiteFideId "16265912"]
[BlackFideId "16287037"]
[EventCountry "GER"]
[EventRounds "9"]
[EventType "swiss"]
[EventDate "2019.06.08"]

1. e4 e5 2. Nf3 Nc6 3. Bc4 Bc5 4. c3 d6 5. d4 exd4 6. cxd4 Bb6 7. Nc3 Nf6 8.
O-O Bg4 9. Be3 O-O 10. h3 Bh5 11. Be2 d5 12. e5 Ne4 13. Nxe4 dxe4 14. Ng5 Bxe2
15. Qxe2 Bxd4 16. Rfd1 f6 17. Qc4+ Kh8 18. Nf7+ Rxf7 19. Qxf7 fxe5 20. Qb3 Qf6
21. Rac1 Rf8 22. Rf1 a5 23. Qxb7 Nb4 24. Qxe4 c5 25. a3 Na6 26. Bxd4 exd4 27.
f3 a4 28. Rc4 Qb6 29. Qc2 Qc6 30. Rxd4 Qb5 31. Rh4 h6 32. Qxa4 Qxa4 33. Rxa4
Nc7 34. Rc1 Ne6 35. Re4 Ng5 36. Re5 Nf7 37. Rexc5 Ng5 38. Rc8 Rxc8 39. Rxc8+
Kh7 40. a4 Ne6 41. a5 Nd4 42. a6 Nb5 43. Rb8 Nc7 44. a7 g5 45. Rb7 Kg6 46. Rxc7
Kh5 47. a8=Q g4 48. hxg4+ Kh4 49. Qd5 h5 50. Qxh5+ Kg3 51. Qh2# 1-0

[Event "DEM U12w 2019"]
[Site "Willingen GER"]
[Date "2019.06.09"]
[Round "2"]
[White "Sohr, Luna"]
[Black "Heuberger, Sandra"]
[Result "1-0"]
[Termination "normal"]
[Board "16"]
[WhiteElo "1357"]
[BlackElo "1077"]
[PlyCount "87"]
[WhiteFideId "16251261"]
[BlackFideId "16232151"]
[EventCountry "GER"]
[EventRounds "9"]
[EventType "swiss"]
[EventDate "2019.06.08"]

1. e4 e5 2. Nf3 Nc6 3. Bb5 Nf6 4. d3 Be7 5. Bxc6 dxc6 6. Nxe5 Bd6 7. Nf3 O-O 8.
h3 h6 9. O-O Nd7 10. d4 c5 11. e5 Be7 12. d5 Nb6 13. Nc3 Bf5 14. Re1 Qc8 15.
Kh2 Re8 16. Qe2 Bf8 17. Nh4 Bh7 18. f4 Qd8 19. Qf2 Be7 20. Nf3 Bf5 21. Rd1 Qb8
22. Be3 Nd7 23. Rac1 a6 24. Nh4 Bh7 25. Qg3 b5 26. Qg4 Qd8 27. Nf5 Bxf5 28.
Qxf5 Rf8 29. Qg4 Rb8 30. e6 Nf6 31. Qf3 Qc8 32. f5 Bd6+ 33. Kh1 Be5 34. Bxc5
Re8 35. Bd4 Bd6 36. Bxf6 gxf6 37. Ne4 Be7 38. Qg4+ Kf8 39. Qh5 fxe6 40. Qxh6+
Kg8 41. Rd3 Bf8 42. Rg3+ Kf7 43. Qh7+ Bg7 44. Qxg7# 1-0

[Event "DEM U12w 2019"]
[Site "Willingen GER"]
[Date "2019.06.09"]
[Round "2"]
[White "von Beckh, Frieda"]
[Black "Haarmann, Belanna"]
[Result "1-0"]
[Termination "normal"]
[Board "17"]
[WhiteElo "1465"]
[BlackElo "1065"]
[PlyCount "93"]
[WhiteFideId "16233751"]
[BlackFideId "16273508"]
[EventCountry "GER"]
[EventRounds "9"]
[EventType "swiss"]
[EventDate "2019.06.08"]

1. e4 e5 2. Nf3 Nc6 3. d4 d6 4. dxe5 dxe5 5. Qxd8+ Nxd8 6. Nxe5 Nf6 7. Nc3 Bb4
8. Bd3 O-O 9. Bf4 Ne6 10. Bg3 Nc5 11. f3 Bxc3+ 12. bxc3 Be6 13. Bc4 Bxc4 14.
Nxc4 c6 15. Bd6 Rfd8 16. Bxc5 b6 17. Be7 Re8 18. Bxf6 gxf6 19. Rd1 b5 20. Na5
c5 21. Rd5 Rac8 22. Nb7 b4 23. Nd6 Rcd8 24. Nxe8 Rxe8 25. Rxc5 bxc3 26. Rxc3 f5
27. O-O fxe4 28. Re1 f5 29. Rc5 Rd8 30. fxe4 fxe4 31. Rxe4 Rd1+ 32. Kf2 Rd2+
33. Kf3 Rd7 34. Rg4+ Kf7 35. Rf5+ Ke8 36. Rg8+ Ke7 37. Rg7+ Ke6 38. Rxd7 Kxd7
39. Rf7+ Ke6 40. Rxh7 Kd6 41. h4 a5 42. h5 Ke6 43. h6 Kf6 44. Rh8 Kg6 45. h7
Kg7 46. Rg8+ Kxh7 47. Rg3 1-0

[Event "DEM U12w 2019"]
[Site "Willingen GER"]
[Date "2019.06.09"]
[Round "2"]
[White "Sens, Gerda"]
[Black "Stepanjan, Marianne"]
[Result "0-1"]
[Termination "normal"]
[Board "18"]
[WhiteElo "1018"]
[BlackElo "1312"]
[PlyCount "116"]
[WhiteFideId "16287029"]
[BlackFideId "16246110"]
[EventCountry "GER"]
[EventRounds "9"]
[EventType "swiss"]
[EventDate "2019.06.08"]

1. e4 c5 2. d4 cxd4 3. Qxd4 Nc6 4. Qd2 Nf6 5. Nc3 e6 6. Bc4 d6 7. b3 Be7 8. Nf3
a6 9. a4 Bd7 10. O-O O-O 11. h3 Na5 12. Bb2 Nxc4 13. bxc4 Qc7 14. Qd3 Rac8 15.
Nd2 Qb6 16. Rab1 Qa5 17. Ba1 Rc7 18. Nb3 Qb6 19. Nd4 Qa7 20. Nf3 Rfc8 21. Nd2
Rc5 22. Qe3 Qb8 23. e5 Rxe5 24. Nce4 Ra5 25. Nxf6+ Bxf6 26. Bxf6 gxf6 27. Qg3+
Kf8 28. Ra1 Rxa4 29. Rxa4 Bxa4 30. Qc3 Ke7 31. Ne4 e5 32. Ra1 Bc6 33. c5 Bxe4
34. cxd6+ Ke6 35. Qb3+ Bd5 36. Qb6 Rc6 37. Qb4 Rxd6 38. Qg4+ Ke7 39. Qg7 h5 40.
Qh7 Qc8 41. Rc1 Bb3 42. Kh1 Rc6 43. Qe4 Rxc2 44. Qb4+ Ke8 45. Rxc2 Qxc2 46.
Qxb7 Qc1+ 47. Kh2 Qf4+ 48. g3 Qxf2+ 49. Kh1 Qe1+ 50. Kh2 Qd2+ 51. Kh1 Bd5+ 52.
Qxd5 Qxd5+ 53. Kh2 Qd2+ 54. Kh1 a5 55. Kg1 a4 56. Kh1 a3 57. Kg1 a2 58. Kh1
a1=R# 0-1